| 000 | 00484nam a2200193Ia 4500 | ||
|---|---|---|---|
| 005 | 20230405112216.0 | ||
| 008 | 140110s9999 xx 000 0 und d | ||
| 020 |
_a9780571200535 _cRs.299.00 |
||
| 040 | _aLoreto College | ||
| 041 | _aEnglish | ||
| 082 |
_a823.91 _bGOL |
||
| 100 | _aGolding,William | ||
| 245 |
_aLord of the flies _cWilliam Golding |
||
| 260 |
_aLondon _bFaber and Faber _c1999 |
||
| 300 | _a230p | ||
| 650 | _aFiction-English | ||
| 850 | _aLCLIB | ||
| 942 | _cBK | ||
| 999 |
_c37746 _d88225 |
||